| 000 | 00776nam a2200193 i 4500 | ||
|---|---|---|---|
| 001 | 189585 | ||
| 003 | ES-MaACL | ||
| 005 | 20230906223516.0 | ||
| 007 | t| | ||
| 008 | 190624s1952 sp r ||||1| spa d | ||
| 245 | 0 | 4 |
_aLas colecciones de peces de la sección de Biología de las aguas continentales / _cInstituto Forestal de Investigaciones y Experiencias. |
| 260 |
_aMadrid : _bInstituto Forestal de Investigaciones y Experiencias, _c1952. |
||
| 300 |
_a136 p., 24 lám. ; _c24 cm. |
||
| 490 | 1 |
_aInstituto Forestal de Investigaciones y Experiencias ; _vAño XXIII nº 63 |
|
| 650 | 4 |
_aPeces- _zEspaña. _9167288 |
|
| 830 | 0 |
_aInstituto Forestal de Investigaciones y Experiencias ; _vAño XXIII nº 63 _9181435 |
|
| 852 |
_aES-MaACL _jP-569-Bis-50 |
||
| 999 |
_c189585 _d189585 |
||